| 000 | 01698nam a2200337 c 4500 | ||
|---|---|---|---|
| 003 | BLK | ||
| 005 | 20180422113638.0 | ||
| 008 | 180410b bul|||||r ||||||| ||bul|| | ||
| 010 | _aKNG00166471000 | ||
| 040 | _aBLK | ||
| 041 |
_aBUL _cBUL |
||
| 080 |
_aТелевизионно предаване _b654.197 _x(075.8) _z654.197(075.8) |
||
| 080 |
_aВестници. Журналистика. Радио- и тележурналистика. Вж и 05; 070.48 _b07 _x(075.8) _z07(075.8) |
||
| 100 | 1 |
_aРайчева, Лилия _eпърви автор _9368600 |
|
| 700 | 1 |
_aТодорова, Лилия Райчева _e* _9334472 |
|
| 139 |
_aРайчева, Лилия _bР 29 |
||
| 245 | 1 | 0 |
_aТворческият процес в телевизията _bОрг., управление и програмиране : Учебник за студентите от СУ Св. Климент Охридски _cЛилия Райчева; * Лилия Райчева Тодорова. |
| 257 | _aBGR | ||
| 260 |
_аСофия _bУнив. изд. Св. Климент Охридски _c1991 |
||
| 300 |
_a128 с. _c20 см |
||
| 380 | _a3 | ||
| 500 | _aПълното име на авт. е Лилия Райчева Тодорова. | ||
| 650 | 4 |
_aТелевизионна журналистика - учебници за ВУЗ _9334473 |
|
| 653 | _aтелевизионна журналистика | ||
| 653 | _aучебници за ВУЗ | ||
| 852 | _aЦб 168639 | ||
| 856 | 4 |
_qpdf _u |
|
| 856 | 4 |
_qpdf _u |
|
| 942 |
_cKNG _n0 |
||
| 944 |
_aCR _c30.10.2014 _l30.10.2014 - от С1,Р / 30.10.2014 _kКина_Георгиева |
||
| 944 |
_aED _c01.08.2017 _l30.10.2014 - от С1,Р / 30.10.2014 _kВиолета_Тройчева |
||
| 999 |
_c159357 _d159357 |
||